2000 years of Christ's power / (Record no. 9819)
[ view plain ]
| 000 -LEADER | |
|---|---|
| fixed length control field | 01527cam a2200421Ii 4500 |
| 001 - CONTROL NUMBER | |
| control field | 964699841 |
| 003 - CONTROL NUMBER IDENTIFIER | |
| control field | OCoLC |
| 005 - DATE AND TIME OF LATEST TRANSACTION | |
| control field | 20241126110719.0 |
| 008 - FIXED-LENGTH DATA ELEMENTS--GENERAL INFORMATION | |
| fixed length control field | 161202s2016 stkabc b 001 0 eng d |
| 020 ## - INTERNATIONAL STANDARD BOOK NUMBER | |
| International Standard Book Number | 9781781917787 |
| 020 ## - INTERNATIONAL STANDARD BOOK NUMBER | |
| International Standard Book Number | 1781917787 |
| 020 ## - INTERNATIONAL STANDARD BOOK NUMBER | |
| International Standard Book Number | 9781781917794 |
| 020 ## - INTERNATIONAL STANDARD BOOK NUMBER | |
| International Standard Book Number | 1781917795 |
| 020 ## - INTERNATIONAL STANDARD BOOK NUMBER | |
| International Standard Book Number | 9781781917800 |
| 020 ## - INTERNATIONAL STANDARD BOOK NUMBER | |
| International Standard Book Number | 1781917809 |
| 020 ## - INTERNATIONAL STANDARD BOOK NUMBER | |
| International Standard Book Number | 9781781917817 |
| 020 ## - INTERNATIONAL STANDARD BOOK NUMBER | |
| International Standard Book Number | 1781917817 |
| 035 ## - SYSTEM CONTROL NUMBER | |
| System control number | (OCoLC)964699841 |
| Canceled/invalid control number | (OCoLC)957506732 |
| -- | (OCoLC)983638755 |
| -- | (OCoLC)983972988 |
| 040 ## - CATALOGING SOURCE | |
| Original cataloging agency | KTS |
| Language of cataloging | eng |
| Description conventions | rda |
| Transcribing agency | KTS |
| Modifying agency | BTCTA |
| -- | BDX |
| -- | OCLCQ |
| -- | YDX |
| 082 ## - DEWEY DECIMAL CLASSIFICATION NUMBER | |
| Classification number | 270 |
| Item number | NEE |
| 092 ## - LOCALLY ASSIGNED DEWEY CALL NUMBER (OCLC) | |
| Classification number | 270 |
| Item number | N375T |
| 100 1# - MAIN ENTRY--PERSONAL NAME | |
| Personal name | Needham, Nicholas R |
| 9 (RLIN) | 16615 |
| 245 10 - TITLE STATEMENT | |
| Title | 2000 years of Christ's power / |
| Statement of responsibility, etc. | Nick Needham |
| 246 3# - | |
| -- | 2,000 years of Christ's power |
| 246 3# - | |
| -- | Two thousand years of Christ's power |
| 250 ## - EDITION STATEMENT | |
| Edition statement | Newly revised edition |
| 264 #1 - PRODUCTION, PUBLICATION, DISTRIBUTION, MANUFACTURE, AND COPYRIGHT NOTICE | |
| Place of production, publication, distribution, manufacture | Fearn, Ross-shire, Scotland, U.K. : |
| Name of producer, publisher, distributor, manufacturer | Christian Focus Publications Ltd ; |
| Place of production, publication, distribution, manufacture | London, England, U.K. : |
| Name of producer, publisher, distributor, manufacturer | Grace Publications Trust, |
| Date of production, publication, distribution, manufacture, or copyright notice | 2016 |
| 300 ## - PHYSICAL DESCRIPTION | |
| Extent | 4 volumes : |
| Other physical details | illustrations, maps, portraits ; |
| Dimensions | 22 cm |
| 500 ## - GENERAL NOTE | |
| General note | "First published in 1998. Revised editions published in 2002 and 2011. Newly revised edition published in 2016 ..."--Title page verso |
| 504 ## - BIBLIOGRAPHY, ETC. NOTE | |
| Bibliography, etc. note | Includes bibliographical references and indexes |
| 650 #0 - SUBJECT ADDED ENTRY--TOPICAL TERM | |
| Topical term or geographic name entry element | Church history |
| 9 (RLIN) | 117 |
| 650 #0 - SUBJECT ADDED ENTRY--TOPICAL TERM | |
| Topical term or geographic name entry element | Christianity |
| 9 (RLIN) | 479 |
| 740 02 - | |
| -- | Age of the early church fathers |
| 740 02 - | |
| -- | Middle ages |
| 740 02 - | |
| -- | Renaissance and reformation |
| 740 02 - | |
| -- | Age of religious conflict |
| 942 ## - ADDED ENTRY ELEMENTS (KOHA) | |
| Source of classification or shelving scheme | Dewey Decimal Classification |
| Koha item type | Books |
| Withdrawn status | Lost status | Source of classification or shelving scheme | Damaged status | Not for loan | Home library | Current Library | Shelving location | Date acquired | Total checkouts | Full call number | Barcode | Date last seen | Date last checked out | Copy number | Price effective from | Koha item type |
|---|---|---|---|---|---|---|---|---|---|---|---|---|---|---|---|---|
| Dewey Decimal Classification | GRACE BIBLE COLLEGE | GRACE BIBLE COLLEGE | Church History | 2023-07-26 | 1 | 270 NEE | 016253 | 2025-10-03 | 2025-09-26 | v.4 | 2023-07-26 | Books |